D'où vient cet objet ? - Statistiques

Statistiques générales
  • Ce quiz a été pris 31 fois
  • Le résultat moyen est 11 sur 15
Statistiques - réponses
Hint Réponse % Correct
Le baby foot France
96%
L'avion Etats Unis
93%
Le judo Japon
89%
Le kebab Turquie
86%
La basket Canada
82%
La brouette Chine
82%
La pile électrique Italie
82%
Le foot Angleterre
79%
Le ski Norvège
79%
La cuillère Grece
64%
Le croissant Autriche
61%
Le saxophone Belgique
61%
Les échecs Inde
57%
Les bateaux Égypte
43%
Le yaourt Bulgarie
29%
Aucun quiz correspondant
Distribution des résultats
% des personnes avec chaque résultat
Percentile par nombre de réponses
Votre historique - résultats
Vous n’avez pas pris ce quiz